[Event "Oslo Chess Festival 2017 "]
[Site "Quality Hotel Expo, Fornebu"]
[Date "2017.09.29"]
[Round "6.38"]
[White "Lindblom, Roar"]
[Black "Sidali, Elias Hulleberg"]
[Result "1-0"]
[WhiteElo "1940"]
[BlackElo "1763"]
[PlyCount "161"]
[EventDate "2017.??.??"]

1. d4 Nf6 2. c4 e6 3. Nc3 Bb4 4. Qc2 O-O 5. Nf3 d5 6. a3 Bxc3+ 7. Qxc3 dxc4 8.
Qxc4 b6 9. Bg5 Ba6 10. Qc2 Nbd7 11. b4 c5 12. dxc5 bxc5 13. Qa4 Qb6 14. Rc1
cxb4 15. Rc6 Bb5 16. Rxb6 Bxa4 17. Rxb4 Bc6 18. Nd4 Bd5 19. f3 e5 20. Nf5 Be6
21. e4 a5 22. Rb5 Rfb8 23. Nd6 Ne8 24. Nxe8 Rxe8 25. Be2 Reb8 26. O-O f6 27.
Be3 Rxb5 28. Bxb5 Rb8 29. a4 Nb6 30. Bxb6 Rxb6 31. Rd1 h5 32. Rd8+ Kh7 33. Ra8
Rd6 34. h4 Rd1+ 35. Kh2 Ra1 36. Rxa5 Bb3 37. Be8 Ra2 38. Ra8 Kh6 39. Bd7 g6 40.
a5 Bc4 41. Kg1 Kg7 42. Bc8 Ra1+ 43. Kh2 Ra2 44. Bh3 Ra1 45. Kg3 Ra2 46. Ra7+
Kh6 47. Ra8 Kg7 48. Ra7+ Kh6 49. Rc7 Bf1 50. Rf7 Rxa5 51. Rxf6 Kg7 52. Rb6 Ra6
53. Rxa6 Bxa6 54. f4 Kf6 55. Kf3 Bf1 56. Kf2 Bb5 57. g3 Ba6 58. Ke3 Bb5 59. Kd2
Ba6 60. Kc3 Be2 61. Bg2 Ke6 62. Bh3+ Kf6 63. Kd2 Bb5 64. Ke3 Ba6 65. Bg2 Bb5
66. Kd2 Ba6 67. Kc3 Be2 68. Kb4 Bg4 69. Kc5 Ke6 70. Kc6 Ke7 71. Kd5 Kf6 72.
fxe5+ Ke7 73. Bf1 Bc8 74. Kd4 Be6 75. Bc4 Bc8 76. Ke3 Bd7 77. Kf4 Be8 78. Kg5
Kf8 79. Kf6 g5 80. hxg5 h4 81. gxh4 1-0

[Event "Oslo Chess Festival 2017 "]
[Site "Quality Hotel Expo, Fornebu"]
[Date "2017.09.29"]
[Round "6.34"]
[White "Kleinert, Juergen"]
[Black "Markussen, Petter B"]
[Result "0-1"]
[WhiteElo "1918"]
[BlackElo "1756"]
[PlyCount "114"]
[EventDate "2017.??.??"]

1. e4 e6 2. d4 d5 3. Nc3 Bb4 4. exd5 exd5 5. Qf3 Nc6 6. Nge2 Nge7 7. Bg5 f6 8.
Bd2 O-O 9. a3 Ba5 10. Rd1 Re8 11. g4 Be6 12. Bg2 Qd7 13. h3 Bf7 14. Be3 Bxc3+
15. Nxc3 Rad8 16. O-O Bg6 17. Rd2 Na5 18. b3 c6 19. Re1 b6 20. Ne2 Be4 21. Qg3
Bxg2 22. Kxg2 Ng6 23. Nf4 Nxf4+ 24. Qxf4 Re4 25. Qf3 Rde8 26. Rde2 Qe7 27. a4
c5 28. b4 cxb4 29. Rb1 Nc4 30. Qf5 Nxe3+ 31. fxe3 Rxe3 32. Qxd5+ Kh8 33. Rf2
Qc7 34. Qh5 Qg3+ 35. Kf1 g6 36. Qh6 a5 37. Rd1 Qxh3+ 38. Qxh3 Rxh3 39. Kg2 Rc3
40. d5 Kg7 41. d6 Kf7 42. g5 f5 43. d7 Rd8 44. Rfd2 Re3 45. Kf2 Re6 46. Rh1 Kg7
47. Kg3 Re7 48. Rhd1 h6 49. gxh6+ Kxh6 50. Rd6 Kg7 51. R1d4 Kf7 52. Kf4 Re6 53.
R6d5 Kf6 54. Rc4 Ke7 55. Rcd4 Re4+ 56. Kg3 Rxd4 57. Rxd4 Rxd7 0-1

[Event "Oslo Chess Festival 2017 "]
[Site "Quality Hotel Expo, Fornebu"]
[Date "2017.09.29"]
[Round "6.35"]
[White "Kvendseth, Thyra"]
[Black "Enersen, Eirik S"]
[Result "1-0"]
[WhiteElo "1810"]
[BlackElo "1911"]
[PlyCount "71"]
[EventDate "2017.??.??"]

1. d4 Nf6 2. c4 e6 3. Nf3 Bb4+ 4. Nbd2 c5 5. a3 Bxd2+ 6. Bxd2 cxd4 7. Nxd4 a6
8. Qc2 Nc6 9. Nxc6 dxc6 10. e3 O-O 11. Bd3 e5 12. O-O-O Qc7 13. Bc3 Re8 14. f3
c5 15. h3 Bd7 16. g4 h6 17. g5 hxg5 18. Rdg1 g4 19. hxg4 e4 20. fxe4 Nxg4 21.
Qg2 Qc6 22. Qh3 f6 23. Qh8+ Kf7 24. Qh5+ Ke7 25. Rxg4 Bxg4 26. Qxg4 Rg8 27. Rh7
Raf8 28. e5 fxe5 29. Rxg7+ Rxg7 30. Qxg7+ Rf7 31. Qxe5+ Kf8 32. Be4 Rf1+ 33.
Kd2 Qd7+ 34. Bd5 b6 35. Qh8+ Ke7 36. Bf6+ 1-0

[Event "Oslo Chess Festival 2017 "]
[Site "Quality Hotel Expo, Fornebu"]
[Date "2017.09.29"]
[Round "6.46"]
[White "Roque Sola, Andrea"]
[Black "Kalkman De Koster, Franzke"]
[Result "1-0"]
[WhiteElo "1900"]
[BlackElo "1538"]
[PlyCount "61"]
[EventDate "2017.??.??"]

1. c4 e5 2. g3 Nf6 3. Bg2 c6 4. Nf3 d6 5. Nc3 Be6 6. d3 Be7 7. O-O h6 8. Rb1
Nbd7 9. b4 a6 10. Nd2 Rb8 11. a4 O-O 12. Ba3 Re8 13. Qc2 Nh7 14. b5 cxb5 15.
axb5 axb5 16. Rxb5 b6 17. Rfb1 Nhf6 18. Qb2 Qc7 19. Nd5 Bxd5 20. cxd5 Rb7 21.
Nc4 Reb8 22. Na5 Nc5 23. Bxc5 bxc5 24. Rxb7 Rxb7 25. Qxb7 Qxa5 26. Qxe7 Qd2 27.
Rb7 Qg5 28. Qxf7+ Kh7 29. h4 Qg6 30. Qxg6+ Kxg6 31. Be4+ 1-0

[Event "Oslo Chess Festival 2017 "]
[Site "Quality Hotel Expo, Fornebu"]
[Date "2017.09.29"]
[Round "6.36"]
[White "Ali, Karim"]
[Black "Abdrlauf, Elham"]
[Result "0-1"]
[WhiteElo "1755"]
[BlackElo "1899"]
[PlyCount "82"]
[EventDate "2017.??.??"]

1. d4 c6 2. Nf3 Nf6 3. e3 g6 4. Bd3 Bg7 5. b3 O-O 6. Bb2 d5 7. Nbd2 a5 8. O-O
b6 9. Ne5 Qc7 10. c4 dxc4 11. Ndxc4 Bb7 12. Rc1 Nbd7 13. Qe2 Nxe5 14. Nxe5 Nd7
15. Nc4 Rfd8 16. e4 b5 17. Ne3 Qb6 18. e5 c5 19. dxc5 Nxc5 20. Bxb5 Ne4 21.
Rfd1 Bh6 22. a4 Nc5 23. Rc3 Rxd1+ 24. Qxd1 Ne4 25. Rd3 Nc5 26. Bd4 Rd8 27. Qg4
Bxe3 28. fxe3 Qxb5 29. axb5 Nxd3 30. Qg5 Rc8 31. Kf1 Rc1+ 32. Ke2 Be4 33. Qxe7
Rc2+ 34. Kd1 Rxg2 35. Qe8+ Kg7 36. e6+ Kh6 37. Qxf7 Bf5 38. Qg7+ Kg5 39. Bf6+
Kg4 40. Qxh7 Kf3 41. Qh4 Bxe6 0-1

[Event "Oslo Chess Festival 2017 "]
[Site "Quality Hotel Expo, Fornebu"]
[Date "2017.09.29"]
[Round "6.39"]
[White "Melaa, Sondre LillestÃ¸l"]
[Black "Tenold, Andreas"]
[Result "0-1"]
[WhiteElo "1883"]
[BlackElo "1625"]
[PlyCount "92"]
[EventDate "2017.??.??"]

1. e4 c5 2. Nc3 Nc6 3. g3 d6 4. Bg2 g6 5. d3 Bg7 6. Nge2 e6 7. O-O Nge7 8. Be3
O-O 9. Qd2 Nd4 10. Nd1 Nxe2+ 11. Qxe2 b6 12. f4 Bb7 13. c3 d5 14. e5 Qc8 15.
Nf2 Rd8 16. c4 Nf5 17. Rfd1 f6 18. Ng4 Nxe3 19. Qxe3 f5 20. Nf6+ Bxf6 21. exf6
Kf7 22. Qe5 d4 23. Re1 Bxg2 24. Kxg2 Qc6+ 25. Kf2 Re8 26. h3 h5 27. Rg1 Rh8 28.
Rg2 Rae8 29. a3 Qd7 30. b4 Rc8 31. Re1 cxb4 32. axb4 a5 33. bxa5 Rc5 34. Qe2
bxa5 35. g4 Kxf6 36. gxh5 Rxh5 37. Reg1 Rh6 38. Qf3 Qc6 39. Qg3 Qe8 40. Qg5+
Kg7 41. h4 Rc7 42. h5 Qa4 43. Rg3 Qc2+ 44. Ke1 Rb7 45. Qxh6+ Kxh6 46. Rxg6+ Kh7
0-1

[Event "Oslo Chess Festival 2017 "]
[Site "Quality Hotel Expo, Fornebu"]
[Date "2017.09.29"]
[Round "6.40"]
[White "Gabrielsen, Rasmus Arvola"]
[Black "Omtvedt, Per"]
[Result "1/2-1/2"]
[WhiteElo "1612"]
[BlackElo "1880"]
[PlyCount "36"]
[EventDate "2017.??.??"]

1. e4 Nf6 2. e5 Nd5 3. d4 d6 4. Nf3 dxe5 5. Nxe5 c6 6. Be2 Nd7 7. Nf3 N7f6 8.
O-O g6 9. c3 Bg7 10. Bg5 O-O 11. Qc1 Bf5 12. Bh6 Qd6 13. Bxg7 Kxg7 14. Nbd2 Nf4
15. Qd1 Nxe2+ 16. Qxe2 Bg4 17. h3 Bxf3 18. Nxf3 e6 1/2-1/2

[Event "Oslo Chess Festival 2017 "]
[Site "Quality Hotel Expo, Fornebu"]
[Date "2017.09.29"]
[Round "6.41"]
[White "Huse, Sigurd KjelsbÃ¸l"]
[Black "Selvik, Kjetil"]
[Result "1-0"]
[WhiteElo "1876"]
[BlackElo "1517"]
[PlyCount "49"]
[EventDate "2017.??.??"]

1. e4 e6 2. d4 d5 3. Nc3 Nf6 4. Bg5 dxe4 5. Nxe4 Be7 6. Bxf6 gxf6 7. Nf3 b6 8.
Bb5+ c6 9. Bd3 Bb7 10. Qe2 f5 11. Ng3 Qd6 12. O-O-O b5 13. Kb1 b4 14. Rhe1 f4
15. Nh5 Kd8 16. Ne5 Rf8 17. Nxf4 f6 18. Bc4 Kc7 19. Nxe6+ Kb6 20. Nxf8 Bxf8 21.
Nf7 Qc7 22. Qh5 a5 23. Re6 Qf4 24. g3 Qxf2 25. Re2 1-0

[Event "Oslo Chess Festival 2017 "]
[Site "Quality Hotel Expo, Fornebu"]
[Date "2017.09.29"]
[Round "6.42"]
[White "Holand, Per Fredrik"]
[Black "Martinsen, Vegard"]
[Result "1-0"]
[WhiteElo "1866"]
[BlackElo "1443"]
[PlyCount "91"]
[EventDate "2017.??.??"]

1. d4 d5 2. c4 e5 3. dxe5 d4 4. Nf3 Nc6 5. a3 Nge7 6. e3 Bg4 7. Be2 d3 8. Qxd3
Qxd3 9. Bxd3 Bxf3 10. gxf3 Nxe5 11. Be2 O-O-O 12. Nc3 Nf5 13. f4 Nd3+ 14. Bxd3
Rxd3 15. Ke2 Rd7 16. b3 g6 17. Bb2 Bg7 18. Rhd1 Rhd8 19. Na4 Bxb2 20. Nxb2 Nd6
21. f3 Nf5 22. Rxd7 Rxd7 23. Rd1 Re7 24. Rd3 c5 25. Kf2 Kc7 26. Na4 b6 27. Nc3
Kc6 28. Ne4 h6 29. Ng3 Nd6 30. f5 g5 31. e4 f6 32. Nh5 Rf7 33. Nxf6 Rxf6 34. e5
Rxf5 35. exd6 Kd7 36. Kg3 h5 37. h4 gxh4+ 38. Kxh4 Rf4+ 39. Kxh5 Rd4 40. Re3
Rxd6 41. f4 Rd1 42. f5 Rh1+ 43. Kg6 Rg1+ 44. Kf7 Kc6 45. f6 b5 46. cxb5+ 1-0

[Event "Oslo Chess Festival 2017 "]
[Site "Quality Hotel Expo, Fornebu"]
[Date "2017.09.29"]
[Round "6.47"]
[White "Roksvold, Thore"]
[Black "Greibrokk, Ingrid"]
[Result "0-1"]
[WhiteElo "1479"]
[BlackElo "1820"]
[PlyCount "78"]
[EventDate "2017.??.??"]

1. d4 d5 2. Nc3 e6 3. e4 dxe4 4. Nxe4 Nf6 5. Bg5 Be7 6. Nxf6+ Bxf6 7. Bxf6 Qxf6
8. Nf3 O-O 9. c3 Rd8 10. Qc2 c5 11. Bd3 h6 12. O-O cxd4 13. Nxd4 e5 14. Nb3 Qg5
15. Rad1 Nc6 16. Rfe1 Bh3 17. g3 f5 18. Bf1 Bxf1 19. Rxd8+ Rxd8 20. Rxf1 f4 21.
Qe4 Rf8 22. Qf3 Qg6 23. Re1 Qc2 24. Qe2 Qf5 25. g4 Qg5 26. f3 h5 27. Kh1 hxg4
28. Rg1 g3 29. Rg2 Rf6 30. Nd2 Rh6 31. Nf1 Qf5 32. Qc2 Ne7 33. Qb3+ Kh8 34.
Qxb7 Qb1 35. Qb5 Nf5 36. Rd2 Ne3 37. Rd8+ Kh7 38. Qd3+ Qxd3 39. Rxd3 g2+ 0-1

[Event "Oslo Chess Festival 2017 "]
[Site "Quality Hotel Expo, Fornebu"]
[Date "2017.09.29"]
[Round "6.43"]
[White "Nordquelle, Amelia"]
[Black "Svanholm, BÃ¸rge Waaktaar"]
[Result "0-1"]
[WhiteElo "1546"]
[BlackElo "1806"]
[PlyCount "66"]
[EventDate "2017.??.??"]

1. e4 e6 2. d4 d5 3. exd5 exd5 4. Nf3 Bd6 5. c4 c6 6. Nc3 Ne7 7. h3 O-O 8. Bd3
dxc4 9. Bxc4 Nd7 10. O-O Nb6 11. Bb3 Bf5 12. Re1 h6 13. Ne5 Nbd5 14. Bxd5 Nxd5
15. Nxd5 cxd5 16. Qb3 Qa5 17. Rd1 Be6 18. Qxb7 Rab8 19. Qc6 Rb6 20. Qc2 Rc8 21.
Qe2 Rb7 22. Bf4 Qb6 23. Rab1 Bf5 24. Ra1 Qxb2 25. Qa6 Qb6 26. Qe2 Re8 27. g4
Bh7 28. Qd2 Rc8 29. Rac1 Rbc7 30. Be3 Rc2 31. Qe1 Qa6 32. Ra1 Be4 33. Kh2 f6
0-1

[Event "Oslo Chess Festival 2017 "]
[Site "Quality Hotel Expo, Fornebu"]
[Date "2017.09.29"]
[Round "6.48"]
[White "Aure, Anders Nilsson"]
[Black "TunsjÃ¸, Axel"]
[Result "1/2-1/2"]
[WhiteElo "1803"]
[BlackElo "1519"]
[PlyCount "87"]
[EventDate "2017.??.??"]

1. e4 c5 2. b3 Nc6 3. Bb2 e6 4. Nf3 a6 5. Be2 d6 6. O-O Nf6 7. d3 Be7 8. Nbd2
O-O 9. h3 d5 10. Nh2 Qc7 11. f4 dxe4 12. Nxe4 Nd5 13. Qd2 f5 14. c4 Nf6 15.
Nxf6+ Bxf6 16. Bxf6 Rxf6 17. Nf3 b6 18. d4 cxd4 19. Nxd4 Bb7 20. Nxc6 Bxc6 21.
Rad1 Rg6 22. Bf3 Qb7 23. Bxc6 Qxc6 24. Kh2 h6 25. Rf3 b5 26. cxb5 axb5 27. Rd3
Kh7 28. Rg3 Rxg3 29. Kxg3 Qe4 30. Re1 Rxa2 31. Rxe4 Rxd2 32. Re3 Rd6 33. Kf3
Kg6 34. Ke2 Kf6 35. Re5 Rd5 36. Re3 g5 37. Kf3 h5 38. fxg5+ Kxg5 39. Rxe6 Rd3+
40. Re3 Rd4 41. Re5 Rd3+ 42. Re3 Rd4 43. Re5 Rd3+ 44. Re3 1/2-1/2

[Event "Oslo Chess Festival 2017 "]
[Site "Quality Hotel Expo, Fornebu"]
[Date "2017.09.29"]
[Round "6.49"]
[White "Roque Sola, Maria Fernanda"]
[Black "Hestvik, Elias"]
[Result "1-0"]
[WhiteElo "1746"]
[BlackElo "1354"]
[PlyCount "67"]
[EventDate "2017.??.??"]

1. c4 e6 2. g3 d5 3. cxd5 exd5 4. d4 Nf6 5. Bg2 c6 6. Bf4 Bd6 7. Bxd6 Qxd6 8.
Nc3 Bf5 9. Qb3 Qc7 10. Rc1 Nbd7 11. Nxd5 Nxd5 12. Qxd5 Be6 13. Qg5 O-O 14. a3
h6 15. Qd2 Nf6 16. e3 Bd5 17. Bxd5 Nxd5 18. Ne2 Rfe8 19. O-O Nf6 20. Nc3 Rad8
21. Qc2 a6 22. b4 b5 23. Ne2 Rd6 24. Nf4 h5 25. h4 Ra8 26. Qc5 Kh8 27. Qg5 g6
28. f3 Rad8 29. e4 Nh7 30. Qe5+ Kg8 31. Nd5 Qa7 32. Ne7+ Kf8 33. Nxc6 f6 34.
Qxd6+ 1-0

[Event "Oslo Chess Festival 2017 "]
[Site "Quality Hotel Expo, Fornebu"]
[Date "2017.09.29"]
[Round "6.50"]
[White "Beitnes, Andreas RÃ¸berg"]
[Black "Mikalsen, Bengt Arne"]
[Result "0-1"]
[WhiteElo "1430"]
[BlackElo "1727"]
[PlyCount "66"]
[EventDate "2017.??.??"]

1. e4 e5 2. Nf3 Nc6 3. Bb5 Bc5 4. c3 Nge7 5. O-O a6 6. Ba4 Ng6 7. Re1 O-O 8. d4
Bd6 9. Bg5 Be7 10. Be3 d5 11. Nbd2 exd4 12. Nxd4 Nxd4 13. cxd4 dxe4 14. Nxe4
Be6 15. Nc5 Bc8 16. Qf3 Rb8 17. Bb3 b6 18. Na4 Bb7 19. Qe2 Bg5 20. Nc3 Bf6 21.
Rad1 Qd7 22. Qd2 Rbd8 23. Bc2 Rfe8 24. Ne2 Qd5 25. f3 Qxa2 26. Bxg6 fxg6 27.
Nc3 Qf7 28. Bf2 Rxe1+ 29. Rxe1 h6 30. Ne4 Be7 31. Qc3 Bf8 32. Rc1 Rd7 33. Kh1
Bxe4 0-1

[Event "Oslo Chess Festival 2017 "]
[Site "Quality Hotel Expo, Fornebu"]
[Date "2017.09.29"]
[Round "6.51"]
[White "Larre, Linnea"]
[Black "Schouten, Mathias Lind"]
[Result "1-0"]
[WhiteElo "1426"]
[BlackElo "1718"]
[PlyCount "119"]
[EventDate "2017.??.??"]

1. e4 e5 2. Nf3 Nc6 3. d4 exd4 4. Nxd4 Bc5 5. Nf3 d6 6. Be2 Nge7 7. O-O O-O 8.
Nc3 h6 9. b3 Ng6 10. Bb2 Re8 11. h3 Bb4 12. Bd3 Nf4 13. a3 Ba5 14. b4 Bb6 15.
Bc4 Ne5 16. Nxe5 Rxe5 17. Qf3 Ne6 18. Nd5 Ng5 19. Qd3 Rxe4 20. Nxb6 axb6 21. f4
Bxh3 22. fxg5 Bxg2 23. Bxf7+ Kh8 24. Qg3 Bh3 25. Bxg7+ Kh7 26. Bf6 Qxf6 27.
Rxf6 Rg4 28. Qxg4 Bxg4 29. Rxh6+ Kg7 30. Rf1 Rxa3 31. Rg6+ Kh7 32. Kf2 Rf3+ 33.
Ke1 Rxf7 34. Rxf7+ Kxg6 35. Rxc7 Bf3 36. Rd7 b5 37. Rxd6+ Kxg5 38. Kd2 Kf5 39.
Ke3 Ke5 40. Rh6 Bc6 41. Rh5+ Ke6 42. Kd4 Kd6 43. Rh6+ Kc7 44. c4 Kb6 45. c5+
Ka7 46. Rh7 Kb8 47. Ke5 Ka7 48. Kd6 Bf3 49. Kc7 Bg2 50. Rg7 Be4 51. Rg1 Bc2 52.
Re1 Bb3 53. Rb1 Bc2 54. Rb2 Bd1 55. Rd2 Bb3 56. Rd6 Bc2 57. Rb6 Bd3 58. Rxb7+
Ka6 59. Kb8 Be4 60. Ra7# 1-0

[Event "Oslo Chess Festival 2017 "]
[Site "Quality Hotel Expo, Fornebu"]
[Date "2017.09.29"]
[Round "6.52"]
[White "Haynes, Noah"]
[Black "Garcia, Megan Alyssa"]
[Result "1-0"]
[WhiteElo "1114"]
[BlackElo "1646"]
[PlyCount "153"]
[EventDate "2017.??.??"]

1. d4 Nf6 2. c4 g6 3. Nc3 d5 4. cxd5 Nxd5 5. e4 Nxc3 6. bxc3 Bg7 7. Bc4 O-O 8.
Ne2 c5 9. O-O Nc6 10. Be3 cxd4 11. cxd4 e6 12. Rc1 Na5 13. Bd3 Bd7 14. Qd2 Nc6
15. Bh6 Rc8 16. Bxg7 Kxg7 17. f4 f5 18. e5 Qe7 19. Qb2 Nb4 20. Bb1 Bc6 21. a3
Nd5 22. Qb3 Qd7 23. Rc4 Bb5 24. Rxc8 Rxc8 25. Bd3 Bc6 26. Kf2 Ba4 27. Qb2 Bc6
28. g3 Nb6 29. Qb4 Nd5 30. Qb2 b6 31. Rc1 Qb7 32. Nc3 Nxc3 33. Qxc3 Bd7 34. Qb2
Rxc1 35. Qxc1 Qd5 36. Qc4 Qh1 37. Qc7 Qxh2+ 38. Kf1 Qh1+ 39. Kf2 Qd5 40. Ke3
Qc6 41. Qxa7 Kh6 42. Qb8 Bc8 43. Qd6 Qc1+ 44. Kf3 Bb7+ 45. Kf2 Qd2+ 46. Be2 Kg7
47. Qd7+ Kf8 48. Qxb7 Qxd4+ 49. Kg2 Qe3 50. Qf3 Qd2 51. Kf2 Qb2 52. Qa8+ Kg7
53. Qb7+ Kg8 54. Qc8+ Kg7 55. Qxe6 Qd4+ 56. Kf3 Qe4+ 57. Kf2 Qd4+ 58. Kg2 Qe4+
59. Bf3 Qc2+ 60. Kh3 Qd3 61. Qf6+ Kg8 62. Qe6+ Kg7 63. Bg2 Qd1 64. Qf6+ Kg8 65.
e6 Qe2 66. Qd8+ Kg7 67. Qd7+ Kh6 68. Qe7 Qg4+ 69. Kh2 Qe2 70. Qf6 b5 71. e7 b4
72. axb4 Qe1 73. Qf8+ Kh5 74. e8=Q Qxg3+ 75. Kxg3 h6 76. Qxh6+ Kxh6 77. Qh8#
1-0

[Event "Oslo Chess Festival 2017 "]
[Site "Quality Hotel Expo, Fornebu"]
[Date "2017.09.29"]
[Round "6.54"]
[White "Vestby, Anniken"]
[Black "Eidukas, Paulius"]
[Result "0-1"]
[WhiteElo "1289"]
[BlackElo "1546"]
[PlyCount "78"]
[EventDate "2017.??.??"]

1. e4 c5 2. Nf3 e6 3. d4 cxd4 4. Qxd4 Nc6 5. Qd1 Nf6 6. Nc3 Bb4 7. Bd2 Qc7 8.
Bd3 a6 9. O-O O-O 10. h3 h6 11. Re1 d6 12. a3 Bxc3 13. Bxc3 Ne5 14. Nxe5 dxe5
15. Qf3 Nd7 16. Qh5 f6 17. Re3 Nc5 18. Rg3 Nxd3 19. cxd3 Kh8 20. Rg6 Qf7 21.
Bd2 Kh7 22. Rxh6+ gxh6 23. Qxh6+ Kg8 24. Re1 Qh7 25. Qe3 Bd7 26. Qb6 Bc6 27.
Re3 Rf7 28. Qb3 Re8 29. Rg3+ Rg7 30. Rf3 Qg6 31. Rg3 Qf7 32. Rf3 Rg6 33. Bc3
Qg7 34. g4 Kh7 35. Kh2 f5 36. exf5 Rxg4 37. hxg4 Bxf3 38. Qb4 exf5 39. Kg1 Qh6
0-1

[Event "Oslo Chess Festival 2017 "]
[Site "Quality Hotel Expo, Fornebu"]
[Date "2017.09.29"]
[Round "6.55"]
[White "Naudeer, Terje Skonseng"]
[Black "Vangen, David Luangtep"]
[Result "0-1"]
[WhiteElo "1207"]
[BlackElo "1499"]
[PlyCount "96"]
[EventDate "2017.??.??"]

1. e4 e5 2. Nf3 Nc6 3. Bb5 a6 4. Ba4 Nf6 5. O-O b5 6. Bb3 Be7 7. d3 O-O 8. Be3
d6 9. Nbd2 Na5 10. c3 Nxb3 11. Nxb3 Bg4 12. Nbd2 c5 13. b3 h6 14. c4 Qd7 15.
Re1 Rfb8 16. Nf1 bxc4 17. bxc4 Rb2 18. Bc1 Rb6 19. Ne3 Bh5 20. Qe2 Qa4 21. Nf5
Bf8 22. Ng3 Bg4 23. h3 Bd7 24. Nf5 Bxf5 25. exf5 Rab8 26. Be3 Rb2 27. Qd1 Qc6
28. Bd2 Be7 29. Bc3 R2b7 30. Nd2 Bd8 31. f3 Nh5 32. Kh2 Bh4 33. Re2 Bg3+ 34.
Kg1 Qd7 35. Ne4 Rb6 36. Nxg3 Nxg3 37. Re1 Qxf5 38. Qd2 Qg5 39. Qxg5 hxg5 40. a3
Rb3 41. Kf2 Rxc3 42. Kxg3 Rxd3 43. Re4 Rd4 44. Kg4 f6 45. g3 g6 46. Rxd4 exd4
47. Rd1 Rb3 48. a4 Rb4 0-1

[Event "Oslo Chess Festival 2017 "]
[Site "Quality Hotel Expo, Fornebu"]
[Date "2017.09.29"]
[Round "6.57"]
[White "Madsen, Ã~ystein"]
[Black "Smedsrud, Morten S"]
[Result "1-0"]
[WhiteElo "1169"]
[BlackElo "1371"]
[PlyCount "87"]
[EventDate "2017.??.??"]

1. f4 d5 2. Nf3 Nc6 3. e3 Bg4 4. Be2 Bxf3 5. Bxf3 e5 6. fxe5 Nxe5 7. O-O Nf6 8.
d4 Nc6 9. Nc3 Qd7 10. Bd2 h5 11. Be1 O-O-O 12. Qe2 Re8 13. Qd2 Qe6 14. Bf2 g5
15. g3 h4 16. Nd1 hxg3 17. Bxg3 Bd6 18. Bxd6 Qxd6 19. Rf2 g4 20. Bh1 Reg8 21.
Rg2 Nd8 22. Nc3 a6 23. Rf1 Rg6 24. Rff2 Ne6 25. Ne2 Ne4 26. Qe1 Nxf2 27. Qxf2
Rh7 28. Ng3 Rg5 29. Nf5 Qd8 30. Rg3 Ng7 31. Nxg7 Rhxg7 32. Bg2 f5 33. Bf1 Qd6
34. c4 c6 35. c5 Qh6 36. Bd3 Qe6 37. b4 Rf7 38. a4 Kc7 39. b5 axb5 40. axb5 Rh7
41. b6+ Kb8 42. Qf4+ Kc8 43. Qxg5 Qh6 44. Bxf5+ 1-0

[Event "Oslo Chess Festival 2017 "]
[Site "Quality Hotel Expo, Fornebu"]
[Date "2017.09.29"]
[Round "6.56"]
[White "HÃ¥nes, Sturle"]
[Black "Selvik, Elma"]
[Result "1/2-1/2"]
[WhiteElo "1300"]
[BlackElo "1186"]
[PlyCount "60"]
[EventDate "2017.??.??"]

1. d4 Nf6 2. Nf3 d5 3. Bf4 Bf5 4. e3 Nc6 5. c3 a6 6. Bd3 Bxd3 7. Qxd3 e6 8.
Nbd2 Bd6 9. Ne5 O-O 10. Qe2 Kh8 11. O-O Ne4 12. f3 Nxd2 13. Qxd2 Qe7 14. Qc2 f6
15. Ng4 Bxf4 16. exf4 e5 17. Rae1 h5 18. Ne3 Qe6 19. Qg6 Qe8 20. Qxe8 Raxe8 21.
fxe5 fxe5 22. Nxd5 Rf7 23. dxe5 Rxe5 24. Rxe5 Nxe5 25. Re1 Nd3 26. Rb1 Rd7 27.
Ne3 Re7 28. Nd5 Rd7 29. Ne3 Re7 30. Nd5 Rd7 1/2-1/2

[Event "Oslo Chess Festival 2017 "]
[Site "Quality Hotel Expo, Fornebu"]
[Date "2017.09.29"]
[Round "6.53"]
[White "Afsari-Rad, Aidin"]
[Black "Bentsen, Morten"]
[Result "0-1"]
[WhiteElo "1770"]
[BlackElo "1292"]
[PlyCount "85"]
[EventDate "2017.??.??"]

1. e4 d6 2. d4 e6 3. g3 b6 4. Be3 Nf6 5. Nd2 Bb7 6. f3 Nbd7 7. Nh3 c5 8. a4
cxd4 9. Bxd4 Be7 10. Bg2 Rc8 11. Bc3 Ba6 12. Bf1 Bxf1 13. Nxf1 Qc7 14. Ne3 Nc5
15. O-O O-O 16. Nf4 Rfd8 17. Qe2 Qb7 18. Rfd1 Rd7 19. Rd2 Rcd8 20. b4 Na6 21.
Rad1 Nc7 22. Kf2 Qc6 23. Bxf6 Bxf6 24. a5 Nb5 25. Qc4 Qxc4 26. Nxc4 Bc3 27. Rd3
Bxb4 28. axb6 Bc5+ 29. Kg2 axb6 30. Rb1 Na7 31. Nxb6 Rb7 32. Rdb3 Bd4 33. Ne2
Bf6 34. Nc4 Rxb3 35. cxb3 d5 36. Nd2 Nb5 37. f4 Nc3 38. Re1 Nxe4 39. Nxe4 dxe4
40. b4 Rd2 41. Kh3 Be7 42. b5 f5 43. Kg2 0-1

[Event "Oslo Chess Festival 2017 "]
[Site "Quality Hotel Expo, Fornebu"]
[Date "2017.09.29"]
[Round "5.7"]
[White "Al-Tarbosh, Ward"]
[Black "Gajewski, Grzegorz"]
[Result "0-1"]
[WhiteElo "2270"]
[BlackElo "2630"]
[PlyCount "85"]
[EventDate "2017.??.??"]

1. e4 c5 2. Nf3 e6 3. d4 cxd4 4. Nxd4 a6 5. Bd3 Bc5 6. Nb3 Be7 7. Qg4 g6 8. Qe2
d6 9. c4 Nd7 10. f4 Qc7 11. Be3 Ngf6 12. Nc3 b6 13. O-O Bb7 14. Rad1 h5 15. h3
h4 16. Qf2 Nh5 17. Nd2 Bf6 18. Na4 Nc5 19. Nxc5 dxc5 20. e5 Be7 21. Be4 Ng3 22.
Bxb7 Qxb7 23. Rfe1 O-O-O 24. Qf3 Qxf3 25. Nxf3 Kc7 26. Bf2 Rxd1 27. Rxd1 Ne2+
28. Kf1 Nxf4 29. Be3 Nh5 30. Bg5 Ng3+ 31. Kg1 Bxg5 32. Nxg5 Rh5 33. Nxf7 Rf5
34. Nd6 Rxe5 35. Ne8+ Kc8 36. Rd6 Re1+ 37. Kf2 Rf1+ 38. Ke3 Nf5+ 39. Ke2 Nxd6
40. Nxd6+ Kd7 41. Kxf1 Kxd6 42. Kf2 Ke5 43. Ke1 0-1

[Event "Oslo Chess Festival 2017 "]
[Site "Quality Hotel Expo, Fornebu"]
[Date "2017.09.29"]
[Round "5.1"]
[White "Vovk, Andriy"]
[Black "Li, Di"]
[Result "1-0"]
[WhiteElo "2622"]
[BlackElo "2459"]
[PlyCount "99"]
[EventDate "2017.??.??"]

1. e4 e5 2. Nf3 Nf6 3. Nxe5 d6 4. Nf3 Nxe4 5. d4 d5 6. Bd3 Be7 7. O-O O-O 8. c4
Nf6 9. h3 Nc6 10. Nc3 Nb4 11. Be2 dxc4 12. Bxc4 c6 13. a3 Nbd5 14. Re1 Be6 15.
Bd3 h6 16. Ne5 Re8 17. Na4 Qc7 18. b4 Rad8 19. Qf3 Nb6 20. Nc5 Bd5 21. Qg3 Nh5
22. Qg4 Nf6 23. Qf5 Bxc5 24. bxc5 Nbd7 25. Bxh6 gxh6 26. Nxd7 Qxd7 27. Qxf6
Rxe1+ 28. Rxe1 Re8 29. Rxe8+ Qxe8 30. Qxh6 Qe1+ 31. Kh2 Qxf2 32. Bh7+ Kh8 33.
Be4+ Kg8 34. Qh7+ Kf8 35. Qh8+ Ke7 36. Qe5+ Kf8 37. Bxd5 cxd5 38. Qb8+ Ke7 39.
Qxb7+ Kf6 40. Qxd5 Qf4+ 41. Kg1 Qe3+ 42. Kf1 Kg6 43. Qd6+ f6 44. c6 Qc1+ 45.
Kf2 a5 46. c7 a4 47. Kg3 Qe3+ 48. Kh2 Qc1 49. d5 Kh5 50. Qg3 1-0

[Event "Oslo Chess Festival 2017 "]
[Site "Quality Hotel Expo, Fornebu"]
[Date "2017.09.29"]
[Round "5.2"]
[White "Arvola, Benjamin"]
[Black "Maze, Sebastien"]
[Result "1/2-1/2"]
[WhiteElo "2458"]
[BlackElo "2614"]
[PlyCount "38"]
[EventDate "2017.??.??"]

1. d4 Nf6 2. c4 g6 3. Nc3 Bg7 4. e4 d6 5. Nf3 O-O 6. Be2 Nbd7 7. O-O e5 8. Re1
h6 9. Bf1 Nh7 10. dxe5 dxe5 11. b3 Re8 12. Be3 Nhf8 13. Qc1 Kh7 14. Rd1 Ne6 15.
c5 c6 16. b4 Qe7 17. Nd2 b6 18. cxb6 axb6 19. b5 Bb7 1/2-1/2

[Event "Oslo Chess Festival 2017 "]
[Site "Quality Hotel Expo, Fornebu"]
[Date "2017.09.29"]
[Round "5.6"]
[White "Cornette, Matthieu"]
[Black "Xu, Yi"]
[Result "1-0"]
[WhiteElo "2602"]
[BlackElo "2439"]
[PlyCount "97"]
[EventDate "2017.??.??"]

1. d4 Nf6 2. Bf4 d5 3. e3 c5 4. Nf3 Nc6 5. Nbd2 e6 6. c3 cxd4 7. exd4 Nh5 8.
Be3 Bd6 9. Ne5 g6 10. g4 Ng7 11. h4 Nxe5 12. dxe5 Bxe5 13. h5 O-O 14. f4 Bf6
15. hxg6 fxg6 16. Nf3 e5 17. Nxe5 Qe7 18. Qxd5+ Be6 19. Qe4 Bh4+ 20. Kd2 Rad8+
21. Kc2 Nf5 22. Rh3 b5 23. Bg2 Nd6 24. Qb4 Bf6 25. Rah1 a5 26. Qc5 Bxa2 27.
Rxh7 Qe6 28. Qc7 Nf7 29. Nxf7 Rd7 30. Qc5 Rdxf7 31. Rxf7 Rxf7 32. f5 Bb3+ 33.
Kc1 Qd7 34. fxg6 Re7 35. g5 Re5 36. gxf6 Rxc5 37. Bxc5 Qd3 38. f7+ Bxf7 39.
gxf7+ Kxf7 40. Rf1+ Ke6 41. Re1+ Kf7 42. Bd4 b4 43. Bf1 Qf3 44. Bc4+ Kg6 45.
Kc2 bxc3 46. Bxc3 a4 47. Bd3+ Kg5 48. Bd2+ Kh4 49. Re4+ 1-0

[Event "Oslo Chess Festival 2017 "]
[Site "Quality Hotel Expo, Fornebu"]
[Date "2017.09.29"]
[Round "5.3"]
[White "Urkedal, Frode Olav Olsen"]
[Black "Bartholomew, John"]
[Result "0-1"]
[WhiteElo "2570"]
[BlackElo "2449"]
[PlyCount "62"]
[EventDate "2017.??.??"]

1. d4 d5 2. c4 c6 3. Nc3 Nf6 4. e3 Bf5 5. cxd5 cxd5 6. Qb3 Nc6 7. Qxb7 Bd7 8.
Qb3 Rb8 9. Qd1 e5 10. dxe5 Nxe5 11. Nge2 Bd6 12. Nf4 O-O 13. Be2 Bc6 14. O-O
Nc4 15. b3 Be5 16. Qc2 Qa5 17. bxc4 Bxc3 18. Rb1 Ba4 19. Rb3 Bxb3 20. axb3 Qb4
21. Nxd5 Nxd5 22. cxd5 Qxb3 23. Qe4 a5 24. Bd3 g6 25. Bc2 Qb4 26. Qd3 Rfc8 27.
d6 Rd8 28. Rd1 a4 29. e4 a3 30. Bg5 a2 31. Bxd8 Rxd8 0-1